[Event "Djerba Masters 2025"]
[Site "Djerba TUN"]
[Date "2025.02.20"]
[Round "6.2"]
[White "Dardha, Daniel"]
[Black "Murzin, Volodar"]
[Result "1/2-1/2"]
[WhiteTitle "GM"]
[BlackTitle "GM"]
[WhiteElo "2652"]
[BlackElo "2657"]
[WhiteFideId "240990"]
[BlackFideId "44155573"]
[EventDate "2025.02.15"]

1. e4 e5 2. Nf3 Nc6 3. Bc4 Nf6 4. d3 Be7 5. O-O O-O 6. a4 d5 7. exd5 Nxd5 8. Re1
Bg4 9. c3 a5 10. h3 Bh5 11. Nbd2 Nb6 12. Bb5 f6 13. Ne4 Na7 14. Ng3 Bf7 15. d4
Nxb5 16. axb5 Re8 17. dxe5 Qxd1 18. Rxd1 fxe5 19. Nxe5 Bb3 20. Re1 Bd6 21. Nf3
Rxe1+ 22. Nxe1 Bxg3 23. fxg3 Bc4 24. Bf4 Nd5 25. b6 cxb6 26. Nf3 a4 27. Re1 Rd8
28. Be5 Re8 29. Kf2 b5 1/2-1/2

[Event "Djerba Masters 2025"]
[Site "Djerba TUN"]
[Date "2025.02.20"]
[Round "6.4"]
[White "Moussard, Jules"]
[Black "Maghsoodloo, Parham"]
[Result "1/2-1/2"]
[WhiteTitle "GM"]
[BlackTitle "GM"]
[WhiteElo "2595"]
[BlackElo "2680"]
[WhiteFideId "642908"]
[BlackFideId "12539929"]
[EventDate "2025.02.15"]

1. e4 c6 2. d4 d5 3. exd5 cxd5 4. Bd3 Nf6 5. c3 Bg4 6. Qb3 Qc7 7. h3 Bd7 8. Nf3
e6 9. O-O Bc6 10. Re1 Nbd7 11. Qd1 Bd6 12. Qe2 O-O 13. Nbd2 Nh5 14. Nf1 g6 15.
Ne5 Rae8 16. Bh6 Ng7 17. Rad1 f6 18. Nxd7 Qxd7 19. c4 Bb4 20. Bd2 Bxd2 21. Rxd2
Nf5 22. Qg4 dxc4 23. Bxc4 Bd5 24. b3 Bxc4 25. bxc4 Nd6 26. d5 f5 27. Qd1 Ne4 28.
Rd4 exd5 29. Rxd5 Qc6 30. Qd4 b6 31. Ne3 Qf6 32. Qxf6 Nxf6 33. Rdd1 Kf7 34. g3
Rd8 35. a4 Rxd1 36. Rxd1 Re8 37. a5 bxa5 38. Rb1 Ne4 39. Rb5 a4 40. Ra5 Ra8 41.
Kf1 Nd2+ 42. Ke2 Nb3 43. Ra6 Nc5 44. Rc6 Ne6 45. Ra6 Nc5 46. Rc6 Ne6 47. Ra6 Nc5 1/2-1/2

[Event "Djerba Masters 2025"]
[Site "Djerba TUN"]
[Date "2025.02.20"]
[Round "6.5"]
[White "Maurizzi, Marc'Andria"]
[Black "Bacrot, Etienne"]
[Result "1-0"]
[WhiteTitle "GM"]
[BlackTitle "GM"]
[WhiteElo "2581"]
[BlackElo "2640"]
[WhiteFideId "36083534"]
[BlackFideId "605506"]
[EventDate "2025.02.15"]

1. e4 e6 2. d4 d5 3. Nc3 Nf6 4. e5 Nfd7 5. f4 c5 6. Nf3 Nc6 7. Be3 a6 8. Ne2 Qb6
9. Qc1 Be7 10. c3 O-O 11. h4 f6 12. h5 h6 13. a3 Na5 14. Rb1 Qc7 15. b3 fxe5 16.
dxe5 b5 17. g3 Bb7 18. Bg2 Rac8 19. O-O Nb6 20. Qc2 Qd7 21. Qg6 Rc6 22. Ng5 1-0

[Event "Djerba Masters 2025"]
[Site "Djerba TUN"]
[Date "2025.02.21"]
[Round "7.1"]
[White "Bacrot, Etienne"]
[Black "Navara, David"]
[Result "1/2-1/2"]
[WhiteTitle "GM"]
[BlackTitle "GM"]
[WhiteElo "2640"]
[BlackElo "2677"]
[WhiteFideId "605506"]
[BlackFideId "309095"]
[EventDate "2025.02.15"]

1. e4 c5 2. Nf3 d6 3. Bb5+ Bd7 4. Bxd7+ Qxd7 5. c4 Nf6 6. Nc3 Nc6 7. d4 Qg4 8.
d5 Nd4 9. Nxd4 Qxd1+ 10. Nxd1 cxd4 11. f3 e5 12. dxe6 fxe6 13. Nf2 Be7 14. Ke2
Nd7 15. Nd3 Bf6 16. Bd2 Rc8 17. Rac1 Nc5 18. Bb4 Nxd3 19. Kxd3 Kd7 20. h4 e5 21.
Bd2 h5 22. g3 Rcf8 23. Rcf1 1/2-1/2

[Event "Djerba Masters 2025"]
[Site "Djerba TUN"]
[Date "2025.02.21"]
[Round "7.2"]
[White "Maghsoodloo, Parham"]
[Black "Maurizzi, Marc'Andria"]
[Result "1/2-1/2"]
[WhiteTitle "GM"]
[BlackTitle "GM"]
[WhiteElo "2680"]
[BlackElo "2581"]
[WhiteFideId "12539929"]
[BlackFideId "36083534"]
[EventDate "2025.02.15"]

1. d4 d5 2. c4 e6 3. Nc3 Be7 4. cxd5 exd5 5. Bf4 Nf6 6. e3 Bf5 7. Nge2 O-O 8.
Ng3 Be6 9. Bd3 c5 10. dxc5 Bxc5 11. O-O Nc6 12. Nb5 Bb6 13. Rc1 d4 14. exd4 a6
15. Nd6 Nd5 16. Be5 f6 17. Qc2 Ncb4 18. Bxh7+ Kh8 19. Qg6 fxe5 20. Qxe6 Kxh7 21.
Qh3+ Kg8 22. Qe6+ Kh7 23. Qh3+ Kg8 24. Nge4 Bxd4 25. Qe6+ Kh8 26. Qh3+ Kg8 27.
Qe6+ Kh8 28. Qh3+ 1/2-1/2

[Event "Djerba Masters 2025"]
[Site "Djerba TUN"]
[Date "2025.02.21"]
[Round "7.3"]
[White "Amin, Bassem"]
[Black "Moussard, Jules"]
[Result "1-0"]
[WhiteTitle "GM"]
[BlackTitle "GM"]
[WhiteElo "2654"]
[BlackElo "2595"]
[WhiteFideId "10601457"]
[BlackFideId "642908"]
[EventDate "2025.02.15"]

1. Nf3 d5 2. g3 b6 3. Bg2 Bb7 4. O-O e6 5. d3 Nf6 6. Nbd2 c5 7. e4 Be7 8. Re1
Nc6 9. c3 O-O 10. e5 Nd7 11. Nf1 b5 12. h4 d4 13. N1h2 dxc3 14. bxc3 Re8 15. Ng5
h6 16. Nh3 Bf8 17. Qh5 Rb8 18. Ng4 f5 19. exf6 Nxf6 20. Nxf6+ Qxf6 21. Bf4 g6
22. Qg4 e5 23. Be3 Bc8 24. Qe4 Nd8 25. d4 Bf5 26. Qd5+ Nf7 27. dxc5 Rbd8 28. Qb3
Kg7 29. a4 bxa4 30. Rxa4 Re7 31. Qa3 g5 32. hxg5 hxg5 33. Ra6 Be6 34. Qc1 Qf5
35. Nxg5 Bd5 36. Ne4 Re6 37. Rxa7 Kg8 38. Rxf7 Kxf7 39. Ng5+ Kg8 40. Bxd5 Rxd5
41. Nxe6 Qxe6 42. Rd1 Bxc5 43. Bxc5 Rxc5 44. Qg5+ Kf7 45. Rd8 1-0

[Event "Djerba Masters 2025"]
[Site "Djerba TUN"]
[Date "2025.02.21"]
[Round "7.4"]
[White "Murzin, Volodar"]
[Black "Ivanchuk, Vasyl"]
[Result "1/2-1/2"]
[WhiteTitle "GM"]
[BlackTitle "GM"]
[WhiteElo "2657"]
[BlackElo "2619"]
[WhiteFideId "44155573"]
[BlackFideId "14100010"]
[EventDate "2025.02.15"]

1. e4 d6 2. Nf3 Nf6 3. Nc3 g6 4. d4 Bg7 5. h3 O-O 6. Be3 a6 7. Bd3 Nc6 8. d5 Ne5
9. Nxe5 dxe5 10. Na4 e6 11. c4 b5 12. Nc3 exd5 13. Nxd5 Be6 14. Rc1 c6 15. Nxf6+
Bxf6 16. O-O Bg5 17. Qf3 Qe7 18. cxb5 Bxe3 19. Qxe3 cxb5 20. a3 Rfd8 21. Be2 Rd4
22. f4 Bc4 23. Rc2 Bxe2 24. Rxe2 Rc4 25. Ref2 Qa7 26. Qxa7 Rxa7 27. Re2 exf4 28.
Rxf4 Kg7 29. Rf3 Rac7 30. Rd3 Rc2 31. Rxc2 Rxc2 32. Rd6 a5 33. b3 Rc3 34. Ra6
Rxb3 35. Rxa5 Kf6 36. Kf2 Ke6 37. a4 bxa4 38. Rxa4 Ke5 1/2-1/2

[Event "Djerba Masters 2025"]
[Site "Djerba TUN"]
[Date "2025.02.21"]
[Round "7.5"]
[White "Oro, Faustino"]
[Black "Dardha, Daniel"]
[Result "0-1"]
[WhiteTitle "IM"]
[BlackTitle "GM"]
[WhiteElo "2447"]
[BlackElo "2652"]
[WhiteFideId "20000197"]
[BlackFideId "240990"]
[EventDate "2025.02.15"]

1. e4 c5 2. Nf3 Nc6 3. Bb5 e6 4. O-O Nge7 5. Re1 Nd4 6. Nxd4 cxd4 7. c3 a6 8.
Bf1 Nc6 9. b4 Bd6 10. Bb2 dxc3 11. dxc3 Qc7 12. g3 O-O 13. Nd2 b6 14. f4 Bb7 15.
Bg2 Rfd8 16. Qe2 Bf8 17. Rad1 Ne7 18. Kh1 d5 19. c4 dxc4 20. Nxc4 Nc6 21. a3 b5
22. Ne3 a5 23. Rxd8 Rxd8 24. Qxb5 axb4 25. axb4 Nxb4 26. Be5 Qc8 27. Rb1 Ba6 28.
Qa5 Rd3 29. Nf1 Nc6 30. Qc7 Nxe5 31. Qxe5 Qc4 32. Qb2 Rc3 33. Nd2 Qc5 34. Nf3
Bd3 35. Re1 h6 36. Qd2 Bb5 37. h3 Rc2 38. Qe3 Qb4 39. Nd4 Rc3 40. Qd2 Rd3 41.
Qxb4 Bxb4 42. Nxb5 Bxe1 0-1